Normal view
MARC view
Entry Uniform Title
001 - CONTROL NUMBER
- control field: 32400
003 - CONTROL NUMBER IDENTIFIER
- control field: dpl
005 - DATE AND TIME OF LATEST TRANSACTION
- control field: 20110810161440.0
008 - FIXED-LENGTH DATA ELEMENTS
- fixed length control field: 110810|||a|||||| | ||| d
040 ## - CATALOGING SOURCE
- Original cataloging agency: dpl
- Transcribing agency: dpl
130 ## - HEADING--UNIFORM TITLE
- Uniform title: Exploring the political in South Asia / edited by Mukulika Banerjee
670 ## - SOURCE DATA FOUND
- Source citation: Work cat.: (dpl)13751: Michelutti, Lucia 32399, The vernacularisation of democracy:, 2008
670 ## - SOURCE DATA FOUND
- Source citation: Work cat.: (dpl)13751: Michelutti, Lucia 32399, The vernacularisation of democracy:, 2008
